000 00579nam a22001937a 4500
005 20151023164948.0
010 _aENG-114024
020 _c120.00
_a9788183335560
035 _aEN-97556
037 _bDBAD/PUB
082 _a006.686
100 _aJain, Satish
245 _aPhotoshop CS6 trainning guide /
_cby Satish Jain [and] M.Geetha Iyer
260 _aNew Delhi
_bBPB Publications
_c2015
270 _aB-14, Connaught Place,
_bNew Delhi
_e 110001
300 _a259p. :
_c22cm(pbk)
_bill.
700 _aIyer, M. Geetha
942 _2ddc
_cEN
_mJAI
_h006.686
999 _c96838
_d96838